[Event "Warsaw YMCA Spring-D 201st"]
[Site "Warsaw"]
[Date "2018.06.21"]
[Round "13"]
[White "Rejniak, Wojciech"]
[Black "Flig, Wojciech"]
[Result "1/2-1/2"]
[WhiteElo "1164"]
[BlackElo "1334"]
[PlyCount "54"]
[EventDate "2018.04.05"]
[EventType "tourn"]
[EventRounds "13"]
[EventCountry "POL"]
[SourceTitle "EXT 2021"]
[Source "ChessBase"]
[SourceDate "2020.10.23"]
[SourceVersion "1"]
[SourceVersionDate "2020.10.23"]
[SourceQuality "1"]

1. Nf3 c5 2. c4 Nf6 3. e3 Nc6 4. d4 cxd4 5. Nxd4 e5 6. Nb5 Ne4 7. Bd3 Bb4+ 8. Nd2 Nf6 9. a3 Be7 10. Ne4 Nxe4 11. Bxe4 d6 12. 0-0 a6 13. Nc3 0-0 14. Nd5 f5 15. Bf3 Be6 16. Nxe7+ Qxe7 17. Bd5 Rac8 18. b3 Rc7 19. Ra2 Qf7 20. Rd2 Rd8 21. f4 e4 22. Bb2 Ne7 23. Bxe6 Qxe6 24. Be5 Rcd7 25. Bc3 d5 26. c5 b6 27. Bd4 bxc5 1/2-1/2

[Event "Warsaw YMCA Spring-D 201st"]
[Site "Warsaw"]
[Date "2018.04.17"]
[Round "3"]
[White "Jaroszuk, Marcin"]
[Black "Rejniak, Wojciech"]
[Result "1-0"]
[WhiteElo "1283"]
[BlackElo "1164"]
[PlyCount "51"]
[EventDate "2018.04.05"]
[EventType "tourn"]
[EventRounds "13"]
[EventCountry "POL"]
[SourceTitle "EXT 2021"]
[Source "ChessBase"]
[SourceDate "2020.10.23"]
[SourceVersion "1"]
[SourceVersionDate "2020.10.23"]
[SourceQuality "1"]

1. Nf3 d5 2. g3 Nf6 3. Bg2 c6 4. 0-0 Bf5 5. d4 h6 6. c4 e6 7. Nc3 Nbd7 8. Nd2 Be7 9. e4 dxe4 10. Ndxe4 Nxe4 11. Bxe4 Bxe4 12. Nxe4 Nf6 13. Re1 0-0 14. Bf4 Qb6 15. c5 Qd8 16. Nxf6+ Bxf6 17. Be5 Re8 18. Qg4 Bxe5 19. Rxe5 Qe7 20. f4 Rad8 21. f5 Qf6 22. Rae1 Kf8 23. fxe6 Re7 24. Rf1 h5 25. Rxh5 Qxd4+ 26. Qxd4 1-0

[Event "Warsaw YMCA Autumn-D 193rd"]
[Site "Warsaw"]
[Date "2017.11.21"]
[Round "10"]
[White "Markiewicz, Janusz"]
[Black "Rejniak, Wojciech"]
[Result "0-1"]
[WhiteElo "1203"]
[BlackElo "1223"]
[PlyCount "130"]
[EventDate "2017.09.19"]
[EventType "tourn"]
[EventRounds "13"]
[EventCountry "POL"]
[SourceTitle "EXT 2019"]
[Source "ChessBase"]
[SourceDate "2018.10.10"]
[SourceVersion "1"]
[SourceVersionDate "2018.10.10"]
[SourceQuality "1"]

1. e4 c5 2. b4 cxb4 3. a3 e5 4. axb4 Bxb4 5. c3 Be7 6. Bc4 Nf6 7. Qb3 0-0 8. d4 Nc6 9. d5 Na5 10. Qa2 Nxc4 11. Qxc4 d6 12. Be3 b6 13. Qc6 Bd7 14. Qc4 Qc8 15. Qd3 Ng4 16. Bd2 Qc5 17. Qf3 Nf6 18. h3 Qc4 19. Bg5 Nxd5 20. Nd2 Qc7 21. Bxe7 Nxe7 22. Ne2 Bb5 23. Ng3 Ng6 24. Nh5 Nf4 25. Nxf4 exf4 26. Rc1 d5 27. Qh5 f5 28. Nf3 g6 29. Qh6 dxe4 30. Nd4 Bc4 31. h4 Rf6 32. h5 Rd8 33. hxg6 Rxg6 34. Qh3 Qd7 35. Kd2 Be6 36. Ke1 Rg7 37. Ra1 b5 38. Rb1 a6 39. Qh6 Bf7 40. Qxa6 Qc8 41. Qa5 Bc4 42. Rh2 Qa8 43. Qxa8 Rxa8 44. Nxf5 Rb7 45. Nd6 Bd3 46. Rb2 Ra1+ 47. Kd2 Rf1 48. g3 fxg3 49. fxg3 Ra7 50. Ke3 Rf3+ 51. Kd4 Rxg3 52. Nxe4 Ra4+ 53. Rb4 Rxb4+ 54. cxb4 Bxe4 55. Kxe4 Rg4+ 56. Kd5 Rxb4 57. Kc5 Rb1 58. Rg2+ Kf7 59. Rf2+ Kg7 60. Rg2+ Kh8 61. Rg4 b4 62. Rxb4 Rxb4 63. Kxb4 h5 64. Kc3 h4 65. Kd2 h3 0-1

[Event "Warsaw YMCA Spring-D 185th"]
[Site "Warsaw"]
[Date "2017.06.20"]
[Round "13"]
[White "Kuznik, Kamil"]
[Black "Rejniak, Wojciech"]
[Result "1-0"]
[WhiteElo "1298"]
[BlackElo "1256"]
[PlyCount "55"]
[EventDate "2017.04.06"]
[EventType "tourn"]
[EventRounds "13"]
[EventCountry "POL"]
[SourceTitle "EXT 2019"]
[Source "ChessBase"]
[SourceDate "2018.10.10"]
[SourceVersion "1"]
[SourceVersionDate "2018.10.10"]
[SourceQuality "1"]

1. e4 c6 2. d4 d5 3. exd5 cxd5 4. c4 Nf6 5. Nf3 Bg4 6. Qb3 Qb6 7. Qxb6 axb6 8. Ne5 Bf5 9. Nc3 Nc6 10. Nxc6 bxc6 11. cxd5 Nxd5 12. Nxd5 cxd5 13. Bf4 e6 14. Bb5+ Kd8 15. 0-0 Be7 16. Rfc1 Ra7 17. Rc6 g5 18. Rxb6 gxf4 19. Rb8+ Kc7 20. Rxh8 Bf6 21. Rc1+ Kb6 22. Rb8+ Rb7 23. Rxb7+ Kxb7 24. Be8 Bg6 25. Rd1 Be7 26. Kf1 f6 27. Bxg6 hxg6 28. Re1 1-0

[Event "Warsaw YMCA Spring-D 185th"]
[Site "Warsaw"]
[Date "2017.05.11"]
[Round "4"]
[White "Oles, Jan"]
[Black "Rejniak, Wojciech"]
[Result "1-0"]
[WhiteElo "1249"]
[BlackElo "1256"]
[PlyCount "89"]
[EventDate "2017.04.06"]
[EventType "tourn"]
[EventRounds "13"]
[EventCountry "POL"]
[SourceTitle "EXT 2019"]
[Source "ChessBase"]
[SourceDate "2018.10.10"]
[SourceVersion "1"]
[SourceVersionDate "2018.10.10"]
[SourceQuality "1"]

1. d4 Nf6 2. Nc3 d5 3. Bg5 e6 4. a3 c5 5. dxc5 Bxc5 6. e3 a6 7. Nf3 0-0 8. Bd3 Nbd7 9. 0-0 Qc7 10. Ne2 b5 11. c3 Bb7 12. Qc2 h6 13. Bh4 Bd6 14. Bg3 Nc5 15. Bxd6 Qxd6 16. b4 Nxd3 17. Qxd3 Rac8 18. Nfd4 Ng4 19. f4 Rfe8 20. Ng3 g6 21. Nf3 e5 22. Nh4 Qe7 23. Nxg6 fxg6 24. Qxg6+ Qg7 25. Qxg7+ Kxg7 26. Nf5+ Kf6 27. Nd6 Re7 28. fxe5+ Kxe5 29. Nxc8 Bxc8 30. Rf3 Ke4 31. Re1 Kd3 32. Rd1+ Kc4 33. Rd4+ Kxc3 34. Rxd5 Rxe3 35. Rxe3+ Nxe3 36. Rc5+ Kb3 37. Rxc8 Nc4 38. Rc6 Kxa3 39. Rxa6+ Kxb4 40. Rxh6 Kc3 41. g4 Kd4 42. g5 b4 43. g6 b3 44. Rh8 Kc5 45. Rh3 1-0

[Event "Warsaw YMCA Spring-D 185th"]
[Site "Warsaw"]
[Date "2017.04.11"]
[Round "2"]
[White "Szopa, Andrzej"]
[Black "Rejniak, Wojciech"]
[Result "0-1"]
[WhiteElo "1145"]
[BlackElo "1256"]
[PlyCount "60"]
[EventDate "2017.04.06"]
[EventType "tourn"]
[EventRounds "13"]
[EventCountry "POL"]
[SourceTitle "EXT 2019"]
[Source "ChessBase"]
[SourceDate "2018.10.10"]
[SourceVersion "1"]
[SourceVersionDate "2018.10.10"]
[SourceQuality "1"]

1. c4 Nf6 2. d4 g6 3. Nc3 d5 4. cxd5 Nxd5 5. Nf3 Bg7 6. e3 c5 7. Bb5+ Nc6 8. 0-0 Nxc3 9. bxc3 0-0 10. Bxc6 bxc6 11. Qa4 Qb6 12. Ba3 cxd4 13. Rab1 Qc7 14. cxd4 Re8 15. Rfc1 Bd7 16. d5 Rab8 17. Rxb8 Rxb8 18. Qc4 e6 19. dxc6 Be8 20. Nd4 Rb6 21. Bc5 Bxd4 22. Qxd4 Rxc6 23. g3 a5 24. Kf1 Qd7 25. Qc3 Qd5 26. h4 Qxa2 27. Ra1 Rxc5 28. Qxc5 Qxa1+ 29. Kg2 Qa4 30. h5 Qc6+ 0-1

[Event "Warsaw YMCA Spring-E 171th"]
[Site "Warsaw"]
[Date "2016.06.20"]
[Round "13"]
[White "Markiewicz, Janusz"]
[Black "Rejniak, Wojciech"]
[Result "0-1"]
[WhiteElo "1303"]
[BlackElo "1172"]
[PlyCount "96"]
[EventDate "2016.04.04"]
[EventType "tourn"]
[EventRounds "13"]
[EventCountry "POL"]
[SourceTitle "EXT 2019"]
[Source "ChessBase"]
[SourceDate "2018.10.10"]
[SourceVersion "1"]
[SourceVersionDate "2018.10.10"]
[SourceQuality "1"]

1. e4 c6 2. d4 d5 3. f3 e6 4. Bd3 c5 5. exd5 exd5 6. Bb5+ Nc6 7. Qe2+ Be6 8. Bxc6+ bxc6 9. dxc5 Bxc5 10. Bf4 Qb6 11. Nh3 Qxb2 12. Be5 Qc1+ 13. Qd1 Qxd1+ 14. Kxd1 Bxh3 15. Bxg7 Bxg2 16. Re1+ Kd7 17. Bxh8 Bxf3+ 18. Kd2 f6 19. Bg7 Bb4+ 20. c3 Ba5 21. Rf1 Be4 22. Na3 Ke6 23. Rf4 Kf7 24. Rg1 Bg6 25. Bxf6 Nxf6 26. Rgf1 Bd8 27. Rb4 Be7 28. Rb7 Ke6 29. Nc2 Ne4+ 30. Kc1 Nxc3 31. Nd4+ Kd6 32. Kb2 Na4+ 33. Ka1 Nc5 34. Rb4 Rf8 35. Rxf8 Bxf8 36. a4 Bg7 37. Ka2 a5 38. Nb5+ cxb5 39. Rxb5 Bc3 40. Rb6+ Ke5 41. Rc6 Kd4 42. Rf6 Kc4 43. Rf4+ d4 44. h4 Kd3 45. h5 Be4 46. Rf2 Ke3 47. Rf8 d3 48. Rc8 Bb4 0-1